[Event "Windsor NAYCC U16"]
[Site "Windsor"]
[Date "2016.08.10"]
[Round "7.36"]
[White "Adnan, Habib"]
[Black "Yu, Wenlu"]
[Result "1-0"]
[WhiteElo "1691"]
[BlackElo "1993"]
[PlyCount "151"]
[EventDate "2016.08.07"]
[EventType "swiss"]
[EventRounds "9"]
[EventCountry "CAN"]
[SourceTitle "EXT 2022"]
[Source "ChessBase"]
[SourceDate "2021.10.06"]
[SourceVersion "1"]
[SourceVersionDate "2021.10.06"]
[SourceQuality "1"]

1. d4 d5 2. Nf3 Nf6 3. Bf4 e6 4. e3 Be7 5. Bd3 0-0 6. Ne5 c5 7. c3 Nc6 8. Nd2 Qb6 9. Rb1 cxd4 10. exd4 Qa5 11. Qf3 Re8 12. g4 Nxe5 13. dxe5 Nd7 14. g5 Nc5 15. Bc2 Qa6 16. Rg1 Bd7 17. a4 Bxa4 18. Ra1 Qb5 19. b3 Bxb3 20. Nxb3 Nd7 21. Nd4 Qc5 22. Qh3 g6 23. Rc1 Nf8 24. Bd3 a6 25. Qh6 Qb6 26. Be3 Bc5 27. Qh3 Rac8 28. Ke2 Qc7 29. f4 b5 30. Ra1 Qb6 31. Rgb1 Ra8 32. Nb3 Bxe3 33. Qxe3 Qb7 34. Nc5 Qc6 35. Nxa6 Qxc3 36. Rc1 Qb2+ 37. Qd2 Qd4 38. Bxb5 Qe4+ 39. Kf2 Rec8 40. Ra4 d4 41. Nc5 Qf5 42. Rxa8 Rxa8 43. Kg3 h5 44. h3 Ra3+ 45. Bd3 Nh7 46. Kh4 Nxg5 47. fxg5 Qxe5 48. Nd7 Rxd3 49. Nxe5 Rxd2 50. Kg3 Re2 51. Nf3 Re4 52. Kf2 Kg7 53. Rc4 e5 54. Rc5 f6 55. Rc7+ Kf8 56. gxf6 d3 57. Rd7 Rf4 58. Ke3 Rxf6 59. Rxd3 Re6 60. Ke4 Kg7 61. Ng5 Re7 62. h4 Kf6 63. Rd6+ Kg7 64. Ne6+ Kf7 65. Kxe5 g5 66. hxg5 Kg6 67. Kf4 Rf7+ 68. Kg3 Kf5 69. Kh4 Re7 70. Nd4+ Ke4 71. Re6+ Kf4 72. Ne2+ Kf5 73. Rxe7 Kg6 74. Nf4+ Kf5 75. Rf7+ Ke5 76. g6 1-0

[Event "Windsor NAYCC U16"]
[Site "Windsor"]
[Date "2016.08.10"]
[Round "6.31"]
[White "Lu, Albert"]
[Black "Adnan, Habib"]
[Result "1-0"]
[WhiteElo "2235"]
[BlackElo "1691"]
[PlyCount "96"]
[EventDate "2016.08.07"]
[EventType "swiss"]
[EventRounds "9"]
[EventCountry "CAN"]
[SourceTitle "EXT 2022"]
[Source "ChessBase"]
[SourceDate "2021.10.06"]
[SourceVersion "1"]
[SourceVersionDate "2021.10.06"]
[SourceQuality "1"]

1. d4 Nf6 2. c4 g6 3. Nc3 Bg7 4. Nf3 d6 5. Bg5 0-0 6. e3 c5 7. Be2 h6 8. Bh4 Bf5 9. Qb3 Nc6 10. dxc5 dxc5 11. Qxb7 Nb4 12. 0-0 a6 13. Rad1 Nd7 14. Bg3 e5 15. Nh4 Be6 16. a3 Rb8 17. Qf3 Nc2 18. Rb1 Bf6 19. Qe4 Nd4 20. exd4 cxd4 21. Na4 Qa5 22. b3 Bxh4 23. Qxh4 Bf5 24. Rb2 Qxa4 25. bxa4 Rxb2 26. Bg4 Bd3 27. Bxd7 Bxf1 28. Bxe5 Rb1 29. h3 Bd3+ 30. Kh2 f6 31. Qxd4 fxe5 32. Qxd3 Rb6 33. c5 Rbf6 34. c6 Rxf2 35. Qxg6+ Kh8 36. Qxh6+ Kg8 37. Be6+ R8f7 38. Qg6+ Kf8 39. Bxf7 Rxf7 40. Qxf7+ Kxf7 41. c7 Ke6 42. c8Q+ Kd5 43. Kg3 Ke4 44. h4 Ke3 45. h5 e4 46. h6 Kd2 47. h7 e3 48. h8Q e2 1-0

[Event "Windsor NAYCC U16"]
[Site "Windsor"]
[Date "2016.08.08"]
[Round "2.38"]
[White "Song, Ziyuan"]
[Black "Adnan, Habib"]
[Result "1-0"]
[WhiteElo "2147"]
[BlackElo "1691"]
[PlyCount "179"]
[EventDate "2016.08.07"]
[EventType "swiss"]
[EventRounds "9"]
[EventCountry "CAN"]
[SourceTitle "EXT 2022"]
[Source "ChessBase"]
[SourceDate "2021.10.06"]
[SourceVersion "1"]
[SourceVersionDate "2021.10.06"]
[SourceQuality "1"]

1. e4 d5 2. exd5 Qxd5 3. Nc3 Qa5 4. Bc4 Bf5 5. d3 c6 6. Bd2 Qc7 7. Qe2 e6 8. g4 Bg6 9. f4 Be7 10. Nf3 Nd7 11. 0-0-0 0-0-0 12. Rde1 Bd6 13. Ne5 Nxe5 14. fxe5 Bc5 15. Rhf1 Ne7 16. Ne4 Bxe4 17. Qxe4 Nd5 18. Rf3 Kb8 19. Ref1 Rd7 20. d4 Bb4 21. Bxb4 Nxb4 22. c3 Nd5 23. Bxd5 cxd5 24. Qd3 a6 25. Rh3 Qd8 26. Qd2 h6 27. Kb1 Rf8 28. Rhf3 b5 29. Qe1 Qg5 30. Qg3 Rc8 31. h4 Qg6+ 32. Ka1 b4 33. h5 Qg5 34. Qf4 Qd8 35. cxb4 Qb6 36. a3 Rc4 37. Rd1 Rdc7 38. Qe3 a5 39. bxa5 Qxa5 40. Qd2 Qa4 41. Ka2 Ra7 42. Rb3+ Ka8 43. Qd3 Rac7 44. Qh7 Ka7 45. Qg8 Qc6 46. Rf1 Rc2 47. Qb8+ Ka6 48. Rff3 Rc8 49. Qb4 Rc4 50. Qd2 Rc7 51. Rb4 Rc2 52. Qd3+ Ka5 53. Qb3 Rc1 54. Rc3 Rxc3 55. bxc3 f6 56. Kb2 fxe5 57. dxe5 Rf7 58. a4 Rf2+ 59. Kc1 Rf3 60. Kd2 Rf2+ 61. Ke1 Rf3 62. Kd2 Rf2+ 63. Ke3 Rh2 64. Rb5+ Ka6 65. Qb4 d4+ 66. Kxd4 Rd2+ 67. Ke3 Re2+ 68. Kxe2 Qg2+ 69. Kd3 Qf1+ 70. Kc2 Qe2+ 71. Kb3 Qd1+ 72. Ka2 Qc2+ 73. Ka3 Qc1+ 74. Qb2 Qe3 75. Qb3 Qc1+ 76. Kb4 Qf4+ 77. Qc4 Qf8+ 78. Rc5+ Ka7 79. Qb5 g5 80. Qd7+ Ka8 81. Qc8+ Qxc8 82. Rxc8+ Kb7 83. Re8 Kc6 84. Rxe6+ Kd5 85. Rxh6 Kxe5 86. Rg6 Kf4 87. h6 Kxg4 88. h7 Kf5 89. Rxg5+ Kxg5 90. h8Q 1-0

[Event "Manama Bahrain Academy"]
[Site "Manama"]
[Date "2015.11.06"]
[Round "1"]
[White "Adnan, Habib"]
[Black "Shaker, Mosab"]
[Result "1-0"]
[WhiteElo "1645"]
[BlackElo "1654"]
[PlyCount "101"]
[EventDate "2015.11.06"]
[EventType "tourn"]
[EventRounds "9"]
[EventCountry "BRN"]
[SourceTitle "EXT 2024"]
[Source "ChessBase"]
[SourceDate "2023.10.10"]
[SourceVersion "1"]
[SourceVersionDate "2023.10.10"]
[SourceQuality "1"]

1. d4 d5 2. Nf3 Nf6 3. Bf4 c5 4. e3 Nc6 5. c3 Qb6 6. b3 Bf5 7. Bd3 Bg6 8. h3 e6 9. Bxg6 hxg6 10. Nbd2 Rc8 11. Qe2 cxd4 12. exd4 Qa5 13. b4 Qa3 14. 0-0 Be7 15. Qb5 Qa6 16. Qxa6 bxa6 17. a3 Kd7 18. c4 dxc4 19. Nxc4 Nd5 20. Bd2 Bf6 21. Nce5+ Ke7 22. Nxc6+ Rxc6 23. Rac1 Rhc8 24. Rc5 Kd6 25. Rfc1 Kd7 26. Kf1 Kd6 27. Ke2 a5 28. Kd3 axb4 29. axb4 a5 30. Rxc6+ Rxc6 31. Rxc6+ Kxc6 32. bxa5 Kb5 33. Ne5 Bxe5 34. dxe5 f6 35. Kd4 g5 36. g3 Ne7 37. exf6 gxf6 38. Ke4 Ng6 39. Bc3 f5+ 40. Kf3 Ka6 41. Bf6 Kxa5 42. Bxg5 Ne5+ 43. Kf4 Ng6+ 44. Ke3 Kb5 45. h4 Ne5 46. f4 Ng4+ 47. Kd4 Kc6 48. h5 Kd6 49. h6 e5+ 50. fxe5+ Nxe5 51. Bf4 1-0